000
00255nam a2200097Ia 4500
082
_a
J 333.91 SPIL
245
0
_a
Managing water
100
_a
SPILSBURY, Richard Chicago, Ill., [c.2009]
942
_c
BK
008
210817s9999 xx 000 0 und d
999
_c
368245
_d
368244